000 00279nam a22001097a 4500
020 _a8183710360
082 _a621.801
_bKAN/DE
100 _aKannaiah P.
_9308
245 _aDesign of Machine Elements
260 _aChennai
_bScitech Publications (India) Pvt. Ltd
_c2012
942 _cBBS
999 _c14714
_d14714